| 000 | 00494nam a2200181Ia 4500 | ||
|---|---|---|---|
| 005 | 20250326123818.0 | ||
| 008 | 250326s9999 xx 000 0 und d | ||
| 037 | _aTextbook | ||
| 040 |
_aFMSL _beng _cFMSL |
||
| 041 |
_aeng _2eng |
||
| 084 |
_aS(T) L9 _qFMSL |
||
| 100 |
_aCooper C L _9126408 |
||
| 245 | 0 |
_aLearning from others groups _cCooper C L |
|
| 260 |
_aLondon _bLondon, Associates Business _c1979 |
||
| 300 | _a286p | ||
| 942 |
_cTB _hS(T) L9 |
||
| 999 |
_c1271059 _d1271059 |
||